Z veľkonočných zvykov na Kysuciach

Bibliographic Details
Main Author: Grešák, Ján, 1953- (Author)
Format: Article
Language:Slovak
PhysicalDescription:Fotogr.
ISSN:1335-3470
Subjects:
Online Access:http://www.kultura-fb.sk/new/old/archive/pdf/kult0710.pdf

MARC

LEADER 00000nab a2200000 a 4500
001 vtls010087264
003 SK-MaSNL
005 20260303080709.0
008 140512c2010 xo mr|p||||||||00 ||slo
015 |a SNBRB2010/04  |2 snkbucl 
038 |a SNKBUCL 
040 |a SNKBUCL  |b slo  |e AACR2  |c SNKBUCL 
041 0 |a slo 
044 |a xo  |c SK 
080 |a 398.332.12  |x (437.6)  |2 2001 
080 |a 27-565.54  |x (437.6)  |2 2001 
100 1 |a Grešák, Ján,  |d 1953-  |4 aut  |9 423706 
245 1 0 |a Z veľkonočných zvykov na Kysuciach  |c Ján Grešák 
300 |b Fotogr. 
650 0 7 |a Veľká noc  |2 snkbucl  |9 3414 
650 0 7 |a veľkonočné zvyky  |2 snkbucl  |9 73092 
650 0 7 |a veľkonočné jedlá  |2 snkbucl  |9 75675 
651 7 |a Kysuce (Slovensko : región)  |2 snkbucl  |9 165903 
655 7 |a informatívne články  |2 snkbucl  |9 131959 
773 0 |t Kultúra  |g Roč. XIII, č. 7 (2010), s. 8  |x 1335-3470 
852 |a SNK  |b KIS3GCP 
856 4 1 |u http://www.kultura-fb.sk/new/old/archive/pdf/kult0710.pdf 
999 |c 1781613  |d 1783543